Logo BPK

Biblioteka

Politechniki Koszalińskiej

Zastosowanie rachunku wariacyjnego do zagadnień mechaniki budowli / (Rekord nr 11930)

Szczegóły MARC
000 -ETYKIETA REKORDU
podpole kontrolne o stałej długości 01809nam a2200493 i 4500
001 - NUMER KONTROLNY REKORDU
pole kontrolne 11930
003 - IDENTYFIKATOR NUMERU KONTROLNEGO REKORDU
podpole kontrolne KOSZ 005
005 - DATA OSTATNIEJ MODYFIKACJI REKORDU
podpole kontrolne 20200508102703.0
008 - POLE O STAŁEJ DŁUGOŚCI - DANE KONTROLNE
podpole kontrolne o stałej długości 071031s1967 pl a f |000 0 pol
015 ## - NUMER BIBLIOGRAFII NARODOWEJ
Numer bibliografii narodowej UWD 1967/2741
035 ## - NUMER SYSTEMOWY
Numer systemowy przejętego rekordu 991037923909705066
035 ## - NUMER SYSTEMOWY
Numer systemowy przejętego rekordu (PL-WaBN)b2016239x-48omnis_nlop
035 ## - NUMER SYSTEMOWY
Numer systemowy przejętego rekordu b2016239x
035 ## - NUMER SYSTEMOWY
Numer systemowy przejętego rekordu (OCoLC)802772498
035 ## - NUMER SYSTEMOWY
Numer systemowy przejętego rekordu (PL)b0000002016239
035 ## - NUMER SYSTEMOWY
Numer systemowy przejętego rekordu (EXLNZ-48OMNIS_NETWORK)9910274459005606
040 ## - ŹRÓDŁO KATALOGOWANIA
Instytucja, która sporządziła opis WA N
Instytucja, która utworzyła rekord WA N
Instytucja, która dokonała modyfikacji WA N
-- KOSZ 005/HR
046 ## - DATY KODOWANE
Pojedyncza data lub początek okresu powstania dzieła lub zbioru dzieł 1967
080 ## - UNIWERSALNA KLASYFIKACJA DZIESIĘTNA - UKD
UKD 624.01/.07:531
080 ## - UNIWERSALNA KLASYFIKACJA DZIESIĘTNA - UKD
UKD 517.97
100 1# - NAZWA OSOBOWA
Nazwa osobowa Kozłowski, Tadeusz
Dopowiedzenie (budownictwo)
Określenie rodzaju współpracy Autor
245 10 - TYTUŁ/ODPOWIEDZIALNOŚĆ
Tytuł Zastosowanie rachunku wariacyjnego do zagadnień mechaniki budowli /
Pozostałe elementy strefy tytułu i oznaczenia odpowiedzialności Tadeusz Kożłowski, Stefan Piechnik, Zbyszko Stojek.
260 ## - STREFA ADRESU WYDAWNICZEGO
Miejsce wydania Warszawa :
Nazwa wydawcy/dystrybutora Wydawnictwo Czasopism Technicznych Naczelnej Organizacji Technicznej :
-- "Arkady",
Data publikacji, dystrybucji/powstania dokumentu 1967.
300 ## - STREFA OPISU FIZYCZNEGO
Objętość 123, [1] s. :
Inne cechy fizyczne il., err. ;
Rozmiary 23 cm.
336 ## - TYP ZAWARTOŚCI
Termin opisujący typ zawartości Tekst
Kod określający zawartość txt
Źródło (terminu i kodu) rdacontent
337 ## - TYP MEDIÓW
Tryb odtwarzania Bez urządzenia pośredniczącego
Kod typu mediów n
Źródło (terminu i kodu) rdamedia
338 ## - TYP/RODZAJ NOŚNIKA
Hasło opisujące typ nośnika Wolumin
Kod typu nośnika nc
Źródło (terminu i kodu) rdacarrier
380 ## - FORMA I TYP PUBLIKACJI
Forma i typ publikacji Książki
388 ## - CZAS POWSTANIA
Czas powstania 1901-2000
388 ## - CZAS POWSTANIA
Czas powstania 1945-1989
490 1# - STREFA SERII I DOKUMENTU WIELOCZĘŚCIOWEGO - FORMA NIE DO WYSZUKIWANIA
Tytuł i oznaczenie odpowiedzialności serii Biblioteka Inżynierii i Budownictwa ;
Numeracja w obrębie serii 13
504 ## - UWAGA DOTYCZĄCA BIBLIOGRAFII
Informacje o bibliografii Bibliogr.
650 #7 - HASŁO PRZEDMIOTOWE W FORMIE NAZWY OGÓLNEJ LUB JEDNOSTKOWEJ
Nazwa ogólna lub geograficzna Mechanika budowli
Źródło hasła lub terminu DBN
650 #7 - HASŁO PRZEDMIOTOWE W FORMIE NAZWY OGÓLNEJ LUB JEDNOSTKOWEJ
Nazwa ogólna lub geograficzna Rachunek wariacyjny
Źródło hasła lub terminu DBN
650 #7 - HASŁO PRZEDMIOTOWE W FORMIE NAZWY OGÓLNEJ LUB JEDNOSTKOWEJ
Nazwa ogólna lub geograficzna Budownictwo
658 ## - TERMIN INDEKSOWY - PRZEDMIOT PROGRAMU NAUCZANIA
Główny przedmiot programu nauczania Architektura i budownictwo
700 1# - HASŁO DODATKOWE - NAZWA OSOBOWA
Nazwa osobowa Piechnik, Stefan
Daty związane z nazwą (1930- )
Określenie związku między hasłem a opisywanym materiałem Autor
700 1# - HASŁO DODATKOWE - NAZWA OSOBOWA
Nazwa osobowa Stojek, Zbyszko
Daty związane z nazwą (1929-2008)
Określenie związku między hasłem a opisywanym materiałem Autor
710 2# - HASŁO DODATKOWE - NAZWA CIAŁA ZBIOROWEGO
Nazwa ciała zbiorowego lub jednostki geograficznej Wydawnictwo Arkady
Kod określenia powiązania pbl
830 #0 - HASŁO DODATKOWE SERII LUB DOKUMENTU WIELOCZĘŚCIOWEGO - TYTUŁ UJEDNOLICONY
Tytuł ujednolicony BIB Biblioteka Inżynierii i Budownictwa ;
Oznaczenie tomu 13.
856 ## - LOKALIZACJA I DOSTĘP DO ELEKTRONICZNYCH DOKUMENTÓW ZDALNYCH
Link (URL) http://koha.tu.koszalin.pl/cgi-bin/koha/opac-detail.pl?biblionumber=11930
Uwaga przeznaczona do użytku publicznego Katalog online BPK
942 ## - DODATKOWE ELEMENTY (KOHA)
Schemat klasyfikacji Uniwersalna Klasyfikacja Dziesiętna
Typ dokumentu Książka
Egzemplarze
Wycofany Status egzemplarza Uszkodzony Dostępność Lokalizacja stała Lokalizacja bieżąca Miejsce przechowywania Sygnatura Kod kreskowy Typ dokumentu
      Dostępny Biblioteka Politechniki Koszalińskiej Biblioteka Politechniki Koszalińskiej Wypożyczalnia BG 5815 02208985 Książka
      Dostępny Biblioteka Politechniki Koszalińskiej Biblioteka Politechniki Koszalińskiej Wypożyczalnia BG 5816 01262674 Książka
© 2023 Biblioteka Politechniki Koszalińskiej :: KOHA